| 000 | 00401nam a2200157 a 4500 | ||
|---|---|---|---|
| 005 | 20140412111405.0 | ||
| 008 | 110408s19uu xx 00 eng d | ||
| 020 | _a0-07-571220-2 | ||
| 050 |
_aTR(GS 372.4 _bB35 L.2 |
||
| 245 | _aInquiry Journal. | ||
| 260 |
_aOhio : _bMcgraw-hill, _c2002. |
||
| 300 | _a160p. | ||
| 440 | _aSRA Open Court Reading | ||
| 500 | _aBlackline masters | ||
| 999 |
_c105546 _d105546 |
||